[Event "Offene Hessische Senioren Einzelmeisters"]
[Site "Bad Sooden- Allendorf"]
[Date "2011.05.05"]
[Round "6.57"]
[White "van Houten, Henk"]
[Black "Held, Helmut"]
[Result "1/2-1/2"]
[WhiteElo "1839"]
[BlackElo "1999"]
[PlyCount "85"]
[EventDate "2011.??.??"]

1. b3 Nf6 2. c4 c5 3. Bb2 e6 4. a3 Be7 5. e3 d6 6. Nc3 O-O 7. g3 Bd7 8. Bg2 Bc6
9. Bxc6 Nxc6 10. Nf3 d5 11. cxd5 exd5 12. Ne2 Qd7 13. O-O Rfd8 14. d4 Qg4 15.
Kg2 Ne4 16. h3 Qf5 17. dxc5 Nxc5 18. Ned4 Nxd4 19. Bxd4 Qe4 20. Bxc5 Bxc5 21.
Qb1 f6 22. b4 Bb6 23. Ra2 Rac8 24. Qxe4 dxe4 25. Nd2 f5 26. Nb3 Rc3 27. Rb2 Rd7
28. Ra1 Rdd3 29. Nc5 Bxc5 30. bxc5 Rd7 31. Rab1 Rxc5 32. Rxb7 Rxb7 33. Rxb7 Ra5
34. Rb3 Kf7 35. Kf1 g5 36. Ke2 Ke6 37. Kd2 Ke5 38. Kc3 f4 39. Kb4 Rd5 40. Kc4
fxg3 41. fxg3 Ke6 42. a4 h6 43. g4 1/2-1/2

[Event "Offene Hessische Senioren Einzelmeisters"]
[Site "Bad Sooden- Allendorf"]
[Date "2011.05.05"]
[Round "6.58"]
[White "Zoll, Theo"]
[Black "Kluger, Hans-Peter"]
[Result "0-1"]
[WhiteElo "1753"]
[BlackElo "1944"]
[PlyCount "68"]
[EventDate "2011.??.??"]

1. d4 d5 2. Nf3 Nf6 3. Bf4 Nh5 4. Bg5 h6 5. Bh4 g5 6. Bg3 Nxg3 7. hxg3 Bg7 8.
e3 Bg4 9. Be2 Qd6 10. Nbd2 Nd7 11. Nh2 Bf5 12. Nb3 c5 13. c3 c4 14. Nd2 Rc8 15.
f4 Bg6 16. Bh5 Qe6 17. Bxg6 Qxe3+ 18. Qe2 Qxg3+ 19. Qf2 Qxf2+ 20. Kxf2 fxg6 21.
fxg5 Rf8+ 22. Ke2 hxg5 23. Ndf3 Bf6 24. Ng4 Rc6 25. Kd2 Re6 26. b4 Re4 27. Ne3
g4 28. Nh4 Bg5 29. Nxg6 Bxe3+ 30. Kc2 Rf2+ 31. Kb1 Nf6 32. Rh8+ Kd7 33. Ne5+
Kc7 34. a4 Bxd4 0-1

[Event "Offene Hessische Senioren Einzelmeisters"]
[Site "Bad Sooden- Allendorf"]
[Date "2011.05.05"]
[Round "6.59"]
[White "Hampe, Werner"]
[Black "Reimann, Günther"]
[Result "0-1"]
[WhiteElo "1834"]
[BlackElo "1959"]
[PlyCount "94"]
[EventDate "2011.??.??"]

1. c4 e6 2. g3 f5 3. Bg2 Nf6 4. e3 e5 5. Ne2 d6 6. O-O Be7 7. d3 O-O 8. Nbc3 c6
9. Rb1 Na6 10. a3 Rb8 11. b4 Nc7 12. f4 Qe8 13. b5 cxb5 14. cxb5 b6 15. a4 Qh5
16. h3 Bb7 17. Ba3 Bxg2 18. Kxg2 Nd7 19. Rc1 Qf7 20. Rf2 Rbc8 21. Kh2 g6 22.
Ng1 Nd5 23. Nxd5 Qxd5 24. Rfc2 Rxc2+ 25. Qxc2 Nc5 26. Bxc5 dxc5 27. Qc4 Qxc4
28. dxc4 Rd8 29. fxe5 Rd2+ 30. Kh1 Rd3 31. Nf3 Rxe3 32. Kg2 Kf7 33. Kf2 Ra3 34.
Rc2 Rxa4 35. h4 Ke6 36. Ke2 h6 37. Kf2 g5 38. hxg5 hxg5 39. Kg2 g4 40. Ne1 Kxe5
41. Re2+ Kf6 42. Rc2 Bd6 43. Rd2 Be5 44. Nd3 Rxc4 45. Ra2 Bb8 46. Nf4 Bxf4 47.
gxf4 Rxf4 0-1

[Event "Offene Hessische Senioren Einzelmeisters"]
[Site "Bad Sooden- Allendorf"]
[Date "2011.05.05"]
[Round "6.60"]
[White "Mertens, Gottfried"]
[Black "Alefs, Heinz"]
[Result "0-1"]
[WhiteElo "1982"]
[BlackElo "1839"]
[PlyCount "60"]
[EventDate "2011.??.??"]

1. f4 e5 2. fxe5 d6 3. exd6 Bxd6 4. Nf3 Nf6 5. d4 Ne4 6. Nc3 Bf5 7. Nxe4 Bxe4
8. Bg5 f6 9. Bh4 Nc6 10. a3 Qe7 11. Qd2 O-O-O 12. O-O-O Bxa3 13. e3 Bd6 14. Bd3
Nb4 15. Bxe4 Qxe4 16. Bf2 Qd5 17. c3 Nc6 18. Qc2 Na5 19. Kb1 Rhe8 20. Rhe1 Re6
21. e4 Qb5 22. Nd2 Bf4 23. Nf3 Nc4 24. Qe2 Ra6 25. b4 Ra3 26. Nd2 Bxd2 27. Rxd2
Nxd2+ 28. Qxd2 Qa6 29. Qb2 Qd3+ 30. Qc2 Rb3+ 0-1

[Event "Offene Hessische Senioren Einzelmeisters"]
[Site "Bad Sooden- Allendorf"]
[Date "2011.05.05"]
[Round "6.61"]
[White "Lewald, Stephan"]
[Black "Borkenhagen, Bernd"]
[Result "1-0"]
[WhiteElo "2046"]
[BlackElo "1724"]
[PlyCount "99"]
[EventDate "2011.??.??"]

1. e4 c5 2. Nf3 d6 3. d4 cxd4 4. Nxd4 e6 5. Nc3 a6 6. Be3 Be7 7. Be2 Nf6 8. O-O
O-O 9. f4 Nc6 10. Nb3 Qc7 11. Bf3 Rb8 12. Qe1 b5 13. Kh1 Bb7 14. Rd1 Rfd8 15.
Qf2 Ba8 16. g4 Nd7 17. g5 g6 18. Rd2 Nb6 19. Bxb6 Qxb6 20. Qxb6 Rxb6 21. Rfd1
Rbb8 22. h4 Kg7 23. Kg2 b4 24. Ne2 a5 25. Ned4 a4 26. Nxc6 Bxc6 27. Nd4 Be8 28.
f5 exf5 29. exf5 Bf8 30. f6+ Kg8 31. Nc6 Bxc6 32. Bxc6 b3 33. axb3 axb3 34. c4
Rb6 35. Bd5 Re8 36. Ra1 h6 37. Ra7 Re5 38. Bxf7+ Kh7 39. Bd5+ Kh8 40. Ra8 hxg5
41. Rxf8+ Kh7 42. hxg5 Rxg5+ 43. Kf3 Rf5+ 44. Kg4 Rxd5 45. cxd5 Rb4+ 46. Kg3 g5
47. Rd8 Rf4 48. Rxd6 Kg6 49. Rf2 Rxf2 50. Kxf2 1-0

[Event "Offene Hessische Senioren Einzelmeisters"]
[Site "Bad Sooden- Allendorf"]
[Date "2011.05.05"]
[Round "6.62"]
[White "Kleist, Werner"]
[Black "van Vorselen, Theo"]
[Result "1-0"]
[WhiteElo "1900"]
[BlackElo "1858"]
[PlyCount "47"]
[EventDate "2011.??.??"]

1. b4 e5 2. b5 a6 3. Bb2 d6 4. c4 Nf6 5. e3 axb5 6. cxb5 Be6 7. a4 Be7 8. Nf3
O-O 9. Be2 c6 10. O-O Nbd7 11. Nc3 d5 12. d3 Qb6 13. Ng5 Bf5 14. e4 Bg6 15.
exd5 h6 16. dxc6 Nc5 17. Nf3 bxc6 18. Nxe5 cxb5 19. Nxg6 fxg6 20. axb5 Rac8 21.
d4 Rfd8 22. dxc5 Bxc5 23. Qb3+ Kh7 24. Na4 1-0

[Event "Offene Hessische Senioren Einzelmeisters"]
[Site "Bad Sooden- Allendorf"]
[Date "2011.05.05"]
[Round "6.63"]
[White "Strozewski, Günter"]
[Black "Türtmann, Dieter"]
[Result "1-0"]
[WhiteElo "1865"]
[BlackElo "1973"]
[PlyCount "115"]
[EventDate "2011.??.??"]

1. e4 c5 2. Nf3 e6 3. c3 d6 4. d4 cxd4 5. cxd4 Bd7 6. Nc3 Ne7 7. Bg5 Qb6 8. Rb1
Nec6 9. Be3 Qd8 10. d5 exd5 11. exd5 Ne5 12. Bd4 Be7 13. Bxe5 dxe5 14. Nxe5 O-O
15. Bd3 Bd6 16. Nxd7 Re8+ 17. Be2 Nxd7 18. O-O a6 19. Bd3 Nf6 20. Qc2 Rc8 21.
Qb3 Rc7 22. Rfe1 Rce7 23. Rxe7 Qxe7 24. h3 Qe5 25. g3 b5 26. Qd1 g6 27. Qe2 Qd4
28. Qf3 Kg7 29. Rd1 Qb4 30. Rd2 Qa5 31. Re2 Rxe2 32. Qxe2 Qb6 33. Kg2 Qb7 34.
Kh2 Bb8 35. a4 bxa4 36. Bxa6 Qb4 37. Qb5 Qd6 38. Qe2 a3 39. bxa3 Qxa3 40. Qd3
Nxd5 41. Nxd5 Qxd3 42. Bxd3 h5 43. h4 Bd6 44. f4 Bc5 45. Kg2 f6 46. Kf3 Ba3 47.
Nc7 Bb2 48. Ne6+ Kf7 49. f5 g5 50. hxg5 fxg5 51. Nxg5+ Kf6 52. Nh3 Bc3 53. Nf4
Kg5 54. Ne6+ Kf6 55. Kg2 Be1 56. Kh3 Bd2 57. Kh4 Be1 58. Nf4 1-0

[Event "Offene Hessische Senioren Einzelmeisters"]
[Site "Bad Sooden- Allendorf"]
[Date "2011.05.05"]
[Round "6.64"]
[White "Tomas, Johann"]
[Black "Josting, Friedel"]
[Result "1/2-1/2"]
[WhiteElo "1914"]
[BlackElo "2023"]
[PlyCount "90"]
[EventDate "2011.??.??"]

1. d4 e6 2. e4 d5 3. e5 c5 4. c3 Nc6 5. Bb5 Bd7 6. Bxc6 Bxc6 7. Nf3 Be7 8. O-O
Nh6 9. a4 O-O 10. Bxh6 gxh6 11. Qd2 Kg7 12. Qf4 cxd4 13. Nxd4 Rc8 14. Qg4+ Kh8
15. Qh5 Be8 16. Qxh6 Rg8 17. f4 Bc5 18. Nd2 Bxd4+ 19. cxd4 Rc2 20. Nf3 Rcxg2+
21. Kh1 R2g6 22. Qh3 Bd7 23. Rg1 Qf8 24. Qh4 R8g7 25. Rxg6 fxg6 26. b3 Qe7 27.
Qf6 Kg8 28. Rc1 Bc6 29. Ng5 h6 30. Qxe6+ Qxe6 31. Nxe6 Re7 32. Nc5 Kf7 33. Kg2
Ke8 34. Rg1 b6 35. Nd3 Bd7 36. Nb4 Bf5 37. Kg3 Be4 38. Rc1 a5 39. Na6 Kd8 40.
b4 axb4 41. Nxb4 Kd7 42. h4 h5 43. Kf2 Re8 44. Ke3 Ra8 45. Ra1 Ra5 {
weitere 40 Züge nicht rekonstruierbar} 1/2-1/2

[Event "Offene Hessische Senioren Einzelmeisters"]
[Site "Bad Sooden- Allendorf"]
[Date "2011.05.05"]
[Round "6.65"]
[White "Perk, Egbert"]
[Black "Jobski, Werner"]
[Result "1-0"]
[WhiteElo "1984"]
[BlackElo "1860"]
[PlyCount "63"]
[EventDate "2011.??.??"]

1. d4 Nf6 2. c4 d6 3. Nc3 g6 4. e4 Bg7 5. Be2 O-O 6. g4 e5 7. d5 Na6 8. h4 Nc5
9. f3 h5 10. Bg5 Kh7 11. gxh5 gxh5 12. Qd2 Rh8 13. Nh3 Bxh3 14. Rxh3 Qd7 15.
Rg3 Rhg8 16. Kf2 Bh6 17. Bxh6 Rxg3 18. Kxg3 Rg8+ 19. Bg5 Ncxe4+ 20. Nxe4 Nxe4+
21. fxe4 f6 22. Kh2 fxg5 23. hxg5 Qe7 24. Rg1 Kg6 25. Bf1 Rf8 26. Bh3 Rf4 27.
Bf5+ Kg7 28. Qe2 Rh4+ 29. Bh3 Qd7 30. Qf3 Rf4 31. Qxh5 Rf2+ 32. Kh1 1-0

[Event "Offene Hessische Senioren Einzelmeisters"]
[Site "Bad Sooden- Allendorf"]
[Date "2011.05.05"]
[Round "6.66"]
[White "Gelzinnus, Siegfried"]
[Black "Smits, Oswald"]
[Result "0-1"]
[WhiteElo "1821"]
[BlackElo "1870"]
[PlyCount "84"]
[EventDate "2011.??.??"]

1. Nf3 d5 2. g3 Nc6 3. Bg2 e5 4. d3 Nf6 5. Nbd2 Bc5 6. O-O Bg4 7. c3 a6 8. Nb3
Bb6 9. Be3 Ba7 10. Bxa7 Rxa7 11. Nfd2 O-O 12. f3 Bh5 13. f4 Ng4 14. Rf3 d4 15.
Nf1 Ne3 16. Nxe3 Bxf3 17. Bxf3 dxe3 18. Bxc6 bxc6 19. fxe5 Qg5 20. d4 f5 21.
Nc5 Qg4 22. Qb3+ Kh8 23. Rf1 Raa8 24. Ne6 Rab8 25. Qc2 Rf7 26. Rf3 Re8 27. Nf4
g5 28. h3 Qxf3 29. exf3 gxf4 30. gxf4 Rg7+ 31. Kh2 Reg8 32. Qe2 Rg1 33. h4 Rb1
34. Qxe3 Rxb2+ 35. Kh1 Rgg2 36. e6 Rbe2 37. Qc1 Rh2+ 38. Kg1 Reg2+ 39. Kf1 Rh1+
40. Kxg2 Rxc1 41. Kf2 Kg7 42. Ke2 Rxc3 0-1

[Event "Offene Hessische Senioren Einzelmeisters"]
[Site "Bad Sooden- Allendorf"]
[Date "2011.05.05"]
[Round "6.67"]
[White "Blosze, Winfried"]
[Black "Viererbe, Hartmut"]
[Result "0-1"]
[WhiteElo "1956"]
[BlackElo "1893"]
[PlyCount "58"]
[EventDate "2011.??.??"]

1. e4 c5 2. d4 cxd4 3. c3 dxc3 4. Nxc3 Nc6 5. Bc4 e6 6. Nf3 Bb4 7. O-O Nf6 8.
Bg5 Bxc3 9. bxc3 d6 10. Qe2 Qc7 11. Bxf6 gxf6 12. Rfd1 b6 13. Bb5 Bb7 14. Nd4
O-O-O 15. Qf3 Ne5 16. Qf4 Rhg8 17. f3 Rg6 18. Bf1 Kb8 19. a4 a6 20. Qe3 Qc5 21.
Kh1 d5 22. Qf4 dxe4 23. Nxe6 Rxd1 24. Nxc5 Rxa1 25. Kg1 exf3 26. Kf2 Rxf1+ 27.
Kxf1 fxg2+ 28. Kg1 bxc5 29. h4 Ka7 0-1

[Event "Offene Hessische Senioren Einzelmeisters"]
[Site "Bad Sooden- Allendorf"]
[Date "2011.05.05"]
[Round "6.68"]
[White "Schneider, Miloca"]
[Black "Alefs, Willi"]
[Result "1-0"]
[WhiteElo "1946"]
[BlackElo "1907"]
[PlyCount "127"]
[EventDate "2011.??.??"]

1. d4 g6 2. e4 Bg7 3. c3 b6 4. Bd3 Bb7 5. Nf3 d6 6. O-O Nd7 7. Nbd2 e5 8. Re1
Ngf6 9. Nf1 O-O 10. Bg5 h6 11. Bd2 Kh7 12. Ng3 Qe7 13. Rc1 c5 14. d5 Rac8 15.
c4 Rh8 16. h3 Kg8 17. a3 Rb8 18. a4 a5 19. Rc3 Bc8 20. Rb3 Rb7 21. Nh2 Nf8 22.
Be2 h5 23. h4 Ng4 24. Nf3 Bd7 25. Ra3 Nh7 26. Nf1 f6 27. g3 g5 28. hxg5 fxg5
29. N3h2 Nxh2 30. Kxh2 g4 31. Ne3 Ng5 32. Qc2 h4 33. Nf5 hxg3+ 34. Kxg3 Bxf5
35. exf5 e4 36. Bxg4 Nf3 37. Rxe4 Qh4+ 38. Kxf3 Bd4 39. Be3 Be5 40. Ra1 Rf7 41.
Rg1 Kf8 42. Ke2 Qh2 43. Rf1 Qg2 44. Bf3 Qh3 45. Rh1 Bh2 46. Re6 Rxf5 47. Be4
Qg4+ 48. Kd3 Rfh5 49. Rg6 Qd7 50. Qe2 Qxa4 51. Qf3+ Ke8 52. Re6+ Kd8 53. Qf6+
Kc8 54. Re7 Qb3+ 55. Qc3 Qa4 $11 56. b3 Qb4 57. Qxb4 axb4 58. Ra1 Kb8 59. Raa7
Re5 60. Reb7+ Kc8 61. Rxb6 Rh4 62. f3 Reh5 63. Rf7 Rh3 64. Bf5+ 1-0

[Event "Offene Hessische Senioren Einzelmeisters"]
[Site "Bad Sooden- Allendorf"]
[Date "2011.05.05"]
[Round "6.69"]
[White "Aepfler, Gerhard"]
[Black "Hopp, Dr. Barbara"]
[Result "1/2-1/2"]
[WhiteElo "2003"]
[BlackElo "1799"]
[PlyCount "50"]
[EventDate "2011.??.??"]

1. e4 c5 2. Nf3 a6 3. d4 cxd4 4. Nxd4 e6 5. Nc3 Nc6 6. Be3 Be7 7. Be2 Nf6 8.
O-O O-O 9. f4 Bc5 10. Kh1 Nxd4 11. Bxd4 Bxd4 12. Qxd4 b5 13. e5 Ne8 14. Ne4 Bb7
15. Bf3 Qc7 16. Rac1 Bc6 17. c4 Qa7 18. c5 f6 19. exf6 Nxf6 20. Nxf6+ Rxf6 21.
Bxc6 dxc6 22. Qd6 Rc8 23. Rce1 Qf7 24. g3 a5 25. Re5 Qc7 1/2-1/2

[Event "Offene Hessische Senioren Einzelmeisters"]
[Site "Bad Sooden- Allendorf"]
[Date "2011.05.05"]
[Round "6.70"]
[White "Jung, Prof. Michael"]
[Black "Schulz, Eugen"]
[Result "1/2-1/2"]
[WhiteElo "1833"]
[BlackElo "1978"]
[PlyCount "31"]
[EventDate "2011.??.??"]

1. c4 g6 2. Nc3 Bg7 3. g3 d6 4. Bg2 e5 5. e4 Nc6 6. Nge2 Be6 7. d3 f5 8. f3 Nf6
9. O-O O-O 10. Nd5 Nh5 11. Be3 Ne7 12. Bg5 Bxd5 13. cxd5 h6 14. Bd2 c5 15. dxc6
bxc6 16. Qb3+ 1/2-1/2

[Event "Offene Hessische Senioren Einzelmeisters"]
[Site "Bad Sooden- Allendorf"]
[Date "2011.05.05"]
[Round "6.71"]
[White "Millen, Ernst"]
[Black "Samarian, Cornel"]
[Result "1/2-1/2"]
[WhiteElo "1953"]
[BlackElo "1757"]
[PlyCount "52"]
[EventDate "2011.??.??"]

1. c4 e6 2. d4 Nf6 3. Nc3 d5 4. e3 Be7 5. Nf3 O-O 6. Be2 h6 7. O-O b6 8. cxd5
exd5 9. Bd2 c5 10. dxc5 Bxc5 11. Qc2 Bb7 12. Na4 Bd6 13. Nc3 a6 14. h3 Nc6 15.
a3 Rc8 $11 16. Nd4 Ne7 17. Qb3 b5 18. Rac1 Qd7 19. Bd3 Ne4 20. Nxe4 dxe4 21.
Be2 Rxc1 22. Rxc1 Bd5 23. Qd1 Qb7 24. f3 Rc8 25. Rxc8+ Qxc8 26. f4 Bc4 1/2-1/2

[Event "Offene Hessische Senioren Einzelmeisters"]
[Site "Bad Sooden- Allendorf"]
[Date "2011.05.05"]
[Round "6.72"]
[White "Knaak, Hans"]
[Black "Hoffmann, Erich"]
[Result "0-1"]
[WhiteElo "1768"]
[BlackElo "1914"]
[PlyCount "72"]
[EventDate "2011.??.??"]

1. d4 Nf6 2. c4 e5 3. dxe5 Ne4 4. Qc2 d5 5. Nf3 Bb4+ 6. Bd2 Nxd2 7. Nbxd2 O-O
8. a3 Be7 9. e3 c6 10. cxd5 cxd5 11. Bd3 g6 12. O-O Re8 13. Nd4 a6 14. Rac1 Nd7
15. e6 Ne5 16. exf7+ Kxf7 17. h3 Bd6 18. Be2 Bxh3 19. e4 Qg5 20. g3 Bxf1 21.
Rxf1 Nc6 22. N2f3 Qf6 23. Nxc6 bxc6 24. exd5 cxd5 25. Qc6 Rxe2 26. Qxd5+ Kg7
27. Qxa8 Rxb2 28. Qa7+ Qf7 29. Qxa6 Bc5 30. Qd3 Rb3 31. Qe4 Qxf3 32. Qe5+ Kh6
33. Qxc5 Rxa3 34. Re1 Rd3 35. Qc1+ g5 36. Re5 Rd1+ 0-1

[Event "Offene Hessische Senioren Einzelmeisters"]
[Site "Bad Sooden- Allendorf"]
[Date "2011.05.05"]
[Round "6.73"]
[White "Preiß, Gerhard"]
[Black "Didzuhn, Dr. Werner"]
[Result "1-0"]
[WhiteElo "1799"]
[BlackElo "1930"]
[PlyCount "61"]
[EventDate "2011.??.??"]

1. c4 g6 2. Nc3 Bg7 3. d4 d6 4. e4 Nc6 5. Be3 e5 6. d5 Nce7 7. f4 exf4 8. Bxf4
Nf6 9. Be2 O-O 10. Nf3 Bg4 11. O-O Nd7 12. Qd2 a5 13. Bh6 Nc5 14. Bxg7 Kxg7 15.
Nd4 Bxe2 16. Qxe2 Nd7 17. Rf2 Ne5 18. Raf1 Ng8 19. Rxf7+ Rxf7 20. Ne6+ Kh8 21.
Nxd8 Rxd8 22. Rxf7 Nxf7 23. a3 Ne5 24. b4 axb4 25. axb4 Nf6 26. c5 Ra8 27. h3
Ra1+ 28. Kh2 Nh5 29. cxd6 cxd6 30. Nb5 Nf4 31. Qb2 1-0

[Event "Offene Hessische Senioren Einzelmeisters"]
[Site "Bad Sooden- Allendorf"]
[Date "2011.05.07"]
[Round "6.74"]
[White "Fromme, Werner"]
[Black "Kirchberg, Hans-Georg"]
[Result "1/2-1/2"]
[WhiteElo "1935"]
[BlackElo "1538"]
[PlyCount "39"]
[EventDate "2011.??.??"]

1. d4 d5 2. Nf3 Nf6 3. e3 e6 4. Bd3 Be7 5. O-O c5 6. c3 O-O 7. Ne5 Nbd7 8. Nxd7
Bxd7 9. Nd2 Qc7 10. dxc5 Bxc5 11. e4 Bc6 12. Qe2 dxe4 13. Nxe4 Bxe4 14. Bxe4
Nxe4 15. Qxe4 Rfd8 16. Be3 Rd5 17. Bxc5 Qxc5 18. Rad1 Rad8 19. Rxd5 Rxd5 20.
Qe3 1/2-1/2

[Event "Offene Hessische Senioren Einzelmeisters"]
[Site "Bad Sooden- Allendorf"]
[Date "2011.05.05"]
[Round "6.75"]
[White "Roth, Reinhard"]
[Black "Janzen, Christian"]
[Result "1-0"]
[WhiteElo "1912"]
[BlackElo "1759"]
[PlyCount "81"]
[EventDate "2011.??.??"]

1. e4 e5 2. d4 exd4 3. Nf3 Ne7 4. Nxd4 Nbc6 5. c3 d6 6. Bc4 Ng6 7. O-O Be7 8.
Be3 Nce5 9. Be2 Bd7 10. h3 c5 11. Nf5 Bxf5 12. exf5 Nf8 13. Bb5+ Nc6 14. Re1
Qb6 15. Na3 a6 16. Ba4 Qc7 17. Bf4 O-O-O 18. b4 b5 19. Bc2 Bf6 $11 20. Qf3 cxb4
21. Nb1 Nb8 22. a4 Qb7 23. Qg3 Qc6 24. axb5 axb5 25. Ra7 g5 26. fxg6 Nxg6 27.
Be4 Qc5 28. Bb7+ Kc7 29. Be3 Qxa7 30. Bxa7 Kxb7 31. Bd4 Bxd4 32. cxd4 Nc6 33.
Qf3 Rd7 34. Nd2 Kc7 35. Rc1 d5 36. Nb3 Kb6 37. Qf6 Rc8 38. Nc5 Ra7 39. Qd6 Rd8
40. Nd7+ Raxd7 41. Rxc6+ 1-0

[Event "Offene Hessische Senioren Einzelmeisters"]
[Site "Bad Sooden- Allendorf"]
[Date "2011.05.05"]
[Round "6.76"]
[White "Klein, Alfred"]
[Black "Schütze, Manfred"]
[Result "0-1"]
[WhiteElo "1737"]
[BlackElo "1913"]
[PlyCount "166"]
[EventDate "2011.??.??"]

1. c4 b6 2. Nf3 e6 3. g3 Bb7 4. Bg2 Nf6 5. O-O Be7 6. d3 d6 7. Nc3 O-O 8. Bd2
Nbd7 9. Re1 Rb8 10. a3 a5 11. Rb1 e5 12. e4 Nc5 13. Qc2 Ne6 14. b4 axb4 15.
axb4 Ra8 16. Ra1 Qd7 17. Qb2 Rfb8 18. Rxa8 Rxa8 19. Ra1 Qc8 20. Rxa8 Qxa8 21.
Qa2 Qxa2 22. Nxa2 Ba6 23. b5 Bb7 24. Nb4 Nc5 25. Be1 Nfd7 26. Bf1 Kf8 27. Kg2
h6 28. Nd5 Bd8 29. h4 Nf6 30. Nxf6 Bxf6 31. Nd2 Be7 32. Nb1 f5 33. f3 g6 34.
Nc3 Bd8 35. Nd5 Kf7 36. exf5 gxf5 37. Ne3 Kg6 38. Be2 Ne6 39. Nc2 Bf6 40. Nb4
Nd4 41. Bd1 Bd8 42. Nc2 Bxf3+ 43. Bxf3 Nxc2 44. Bc3 Ne3+ 45. Kf2 Ng4+ 46. Kg2
Bf6 47. Bd2 Bg7 48. Be2 Bf6 49. Kh3 h5 50. Kg2 Be7 51. Kh3 Nf6 52. Bg5 Ng8 53.
Bd2 Bf6 54. Bf3 Ne7 55. Bc1 Nc8 56. Bb7 Ne7 57. Bf3 Ng8 58. Be2 Be7 59. Bd2 Nf6
60. Bf3 Nd7 61. Be2 Nc5 62. Be3 Ne6 63. Bd2 Bf6 64. Bc1 Bg7 65. Bd2 Bh6 66. Be1
Be3 67. Kg2 f4 68. Bf2 Bxf2 69. Kxf2 fxg3+ 70. Kxg3 Nf4 71. Bf1 Kf6 72. Kf3 d5
73. cxd5 Nxd5 74. Bh3 Ke7 75. Bc8 Nf6 76. Kg3 Kd6 77. Kf3 Kc5 78. Bb7 Kd6 79.
Bc6 Kc5 80. Ke3 Kb4 81. d4 e4 82. Bxe4 Nxe4 83. Kxe4 Kxb5 0-1

[Event "Offene Hessische Senioren Einzelmeisters"]
[Site "Bad Sooden- Allendorf"]
[Date "2011.05.05"]
[Round "6.77"]
[White "Kühnl, Bernd"]
[Black "Pastowski, Werner"]
[Result "1-0"]
[WhiteElo "1892"]
[BlackElo "1804"]
[PlyCount "59"]
[EventDate "2011.??.??"]

1. d4 c5 2. d5 g6 3. Bd2 Bg7 4. Bc3 Nf6 5. e4 d6 6. Nd2 O-O 7. Bd3 b6 8. h3 Ba6
9. Qe2 Bxd3 10. Qxd3 Nbd7 11. f4 Nh5 12. Bxg7 Nxg7 13. O-O-O a6 14. g4 b5 15.
h4 c4 16. Qh3 a5 17. Kb1 Rc8 18. h5 gxh5 19. gxh5 Nf6 20. h6 Ngh5 21. e5 c3 22.
exf6 Nxf4 23. Qg3+ Ng6 24. fxe7 Re8 25. Qxd6 Qc7 26. Qxc7 Rxc7 27. d6 Rd7 28.
Ne4 Rxd6 29. Rxd6 Rxe7 30. Nf6+ 1-0

[Event "Offene Hessische Senioren Einzelmeisters"]
[Site "Bad Sooden- Allendorf"]
[Date "2011.05.05"]
[Round "6.78"]
[White "Fritsche, Rainer"]
[Black "Meyer, Walter"]
[Result "1/2-1/2"]
[WhiteElo "1657"]
[BlackElo "1889"]
[PlyCount "92"]
[EventDate "2011.??.??"]

1. d4 g6 2. Nf3 d5 3. Bf4 Bg7 4. h3 Nf6 5. e3 O-O 6. Nbd2 Nbd7 7. Bd3 c5 8. c3
c4 9. Bc2 a6 10. a4 b6 11. O-O Bb7 12. Ne5 b5 13. Ndf3 Nxe5 14. Bxe5 Nd7 15.
Bxg7 Kxg7 16. Re1 Nf6 17. Ne5 Nd7 18. Nxd7 Qxd7 19. Qf3 e6 20. Qg3 Qe7 21. axb5
axb5 22. Reb1 Rxa1 23. Rxa1 Ra8 24. Rxa8 Bxa8 25. Qb8 Qb7 26. Qxb7 Bxb7 27. Kh2
h6 28. h4 Kf6 29. f4 Kg7 30. g4 f5 31. g5 Bc6 32. Kg3 hxg5 33. hxg5 Kf7 34. Kf2
Ke7 35. Ke1 Kd6 36. Kf2 Be8 37. Kg3 Kc6 38. Kf2 Kb6 39. Ke1 Ka5 40. Kd1 b4 41.
Kc1 bxc3 42. bxc3 Ba4 43. Kb2 Bxc2 44. Kxc2 Ka4 45. Kb2 Kb5 46. Ka3 Ka5 1/2-1/2

[Event "Offene Hessische Senioren Einzelmeisters"]
[Site "Bad Sooden- Allendorf"]
[Date "2011.05.05"]
[Round "6.79"]
[White "Juckschat, Paul"]
[Black "Dinius, Helmut"]
[Result "1/2-1/2"]
[WhiteElo "1926"]
[BlackElo "1774"]
[PlyCount "66"]
[EventDate "2011.??.??"]

1. d4 d5 2. c4 c6 3. Nf3 Bf5 4. cxd5 Qxd5 5. Nc3 Qd8 6. e4 Bg6 7. Be3 e6 8. Bd3
Bd6 9. Rc1 Nd7 10. O-O Ne7 11. a3 O-O 12. e5 Bc7 13. Bxg6 Nxg6 14. b4 Nb6 15.
b5 cxb5 16. Nxb5 Nd5 17. Nxc7 Nxc7 18. Qb3 b6 19. Rfd1 Nd5 20. Nd2 Qd7 21. Ne4
Nge7 22. Bd2 Rac8 23. Nd6 Rxc1 24. Rxc1 Rd8 25. Qc4 Rb8 26. g3 Rd8 27. h4 h6
28. a4 Rb8 29. Kg2 Kf8 30. Qb3 Kg8 31. Qc2 Rf8 32. Qb3 Rb8 33. a5 b5 1/2-1/2

[Event "Offene Hessische Senioren Einzelmeisters"]
[Site "Bad Sooden- Allendorf"]
[Date "2011.05.05"]
[Round "6.80"]
[White "von Janta, Lothar"]
[Black "Preiß, Lore"]
[Result "1/2-1/2"]
[WhiteElo "1993"]
[BlackElo "1473"]
[PlyCount "100"]
[EventDate "2011.??.??"]

1. c4 Nf6 2. Nc3 c6 3. d4 d5 4. cxd5 cxd5 5. e3 e6 6. Bd3 Nc6 7. a3 Be7 8. Nf3
h6 9. O-O O-O 10. b4 a6 11. Bb2 Bd6 12. Ne2 Bd7 13. Ne5 Rc8 14. Ng3 Ne7 15. Qe2
Nf5 16. Nxd7 Qxd7 17. Qf3 Nh4 18. Qd1 Qe7 19. f4 g6 20. e4 dxe4 21. Nxe4 Nd5
22. Qd2 Nf5 23. Rf3 Bc7 24. Re1 Nh4 25. Rff1 Nf5 26. g3 Bb6 27. Nc5 Rfe8 28.
Be4 Qc7 29. Rc1 Qe7 30. Rfe1 Rcd8 31. g4 Ng7 32. f5 gxf5 33. gxf5 Qg5+ 34. Qxg5
hxg5 35. Nxb7 Rd7 36. Bxd5 Rxd5 37. fxe6 fxe6 38. Nc5 a5 39. Ne4 Rf8 40. Nc5
Re8 41. Re4 axb4 42. axb4 Kf7 43. Nd3 Red8 44. Ne5+ Kg8 45. Nc6 Re8 46. Kg2 Nh5
47. Kf3 Rf5+ 48. Kg2 Nf4+ 49. Kg3 Nh5+ 50. Kg2 Nf4+ 1/2-1/2

[Event "Offene Hessische Senioren Einzelmeisters"]
[Site "Bad Sooden- Allendorf"]
[Date "2011.05.05"]
[Round "6.81"]
[White "Klose, Hans-Peter"]
[Black "Thormann, Werner"]
[Result "0-1"]
[WhiteElo "1729"]
[BlackElo "1636"]
[PlyCount "67"]
[EventDate "2011.??.??"]

1. Nf3 Nf6 2. d4 g6 3. Bf4 Bg7 4. Nbd2 d6 5. h3 Nbd7 6. e3 O-O 7. Be2 Re8 8.
O-O Nh5 9. Bh2 e5 10. g4 Nhf6 11. Nb3 e4 12. Nfd2 h6 13. f4 exf3 14. Rxf3 Nh7
15. Bc4 Ng5 16. Rg3 Nb6 17. Bd3 Nd5 18. Nc4 b5 19. h4 Ne4 20. Bxe4 Rxe4 21. Qd3
Qe8 22. Ncd2 Rxe3 23. Rxe3 Qxe3+ 24. Kg2 Qxd3 25. cxd3 Bxg4 26. Re1 a5 27. Kg3
Bf5 28. Ne4 a4 29. Nbd2 Bxd4 30. b3 axb3 31. Nxb3 Be5+ 32. Kg2 Rxa2+ 33. Ned2
Bc3 34. Bg3 0-1

[Event "Offene Hessische Senioren Einzelmeisters"]
[Site "Bad Sooden- Allendorf"]
[Date "2011.05.05"]
[Round "6.82"]
[White "Graffenberger, Marianne"]
[Black "Simon, Götz-Jochen"]
[Result "0-1"]
[WhiteElo "1483"]
[BlackElo "1862"]
[PlyCount "74"]
[EventDate "2011.??.??"]

1. e4 e5 2. Nf3 Nc6 3. d4 exd4 4. Nxd4 Bc5 5. Be3 Bb6 6. Nxc6 bxc6 7. Qd2 Ne7
8. Qc3 Bxe3 9. Qxe3 O-O 10. Bd3 d5 11. O-O Re8 12. Nd2 dxe4 13. Nxe4 Nf5 14.
Qf3 Nd4 15. Qf4 h6 16. Rad1 Ne6 17. Qg3 Qe7 18. a3 a5 19. Rfe1 Ba6 20. Nc3 Bxd3
21. Rxd3 Rab8 22. Nd1 Rb5 23. c4 Rg5 24. Qf3 Qc5 25. Rc3 Rd8 26. Rc1 Nd4 27.
Qe3 Qf5 28. Kf1 Nc2 29. Qe4 Nxe1 30. Qxe1 Qe5 31. h3 Qh2 32. Ne3 Re8 33. Rc2
Rxg2 34. Qd2 Qg1+ 35. Ke2 Rxf2+ 36. Kd3 Rxd2+ 37. Rxd2 Qxe3+ 0-1

[Event "Offene Hessische Senioren Einzelmeisters"]
[Site "Bad Sooden- Allendorf"]
[Date "2011.05.05"]
[Round "6.83"]
[White "Bangert, Rüdiger"]
[Black "Krotofil, Kurt"]
[Result "0-1"]
[WhiteElo "1684"]
[BlackElo "2039"]
[PlyCount "64"]
[EventDate "2011.??.??"]

1. c4 Nf6 2. Nc3 g6 3. e4 d6 4. d4 Bg7 5. Be2 O-O 6. Bg5 Nc6 7. Nf3 Bg4 8. h3
Bxf3 9. Bxf3 e5 10. d5 Nd4 11. Be3 c5 12. dxc6 bxc6 13. Bxd4 exd4 14. Qxd4 Nxe4
15. Qd3 Nxc3 16. bxc3 Re8+ 17. Kd2 Qb6 18. Kc1 Qxf2 19. Qd2 Qh4 20. Kc2 Qxc4
21. Rhb1 d5 22. Rb4 Qc5 23. Rab1 Rad8 24. a3 Re3 25. R1b3 Rde8 26. Kb2 Qd6 27.
Rb7 Qh2 28. Qf2 Qe5 29. Qd2 a5 30. a4 Qf4 31. Ka2 Rxf3 32. Qxf4 Rxf4 0-1